00686cam a22002291 450000100060000000300080000600500170001400800390003103500190007003500190008904000270010804100080013508200200014310000310016324500590019426000350025330000200028850400310030860000530033965000160039265100480040835541BD-RjUL20211209052335.0140526s1950 pk b 000 0 eng a(BD-RjUL)35635 a(OCoLC)4007548 aDLCcNNUdBD-RjULbeng aeng00a320.1bKHA 19501 aKhan, Qamar-ud-Din,d1916-13aAl-Mawardi's theory of the state /cQamar-ud-Din Khan. aLahore :bBazm-i-iqbal,c1950. a48 p. ;c24 cm. aBibliographical footnotes.10aMāwardī, ʻAlī ibn Muḥammad,d974?-1058. 0aState, The. 0aIslamic countriesxPolitics and government.